1733 1100 1401 1155 1679 1924 1062 1888 1711 1212 1108 1503 1237 1012 1067 1215 1990 1384 1426 1222 1606 1601 1059 1370 1479 1061 1276 1172 1831 1536 1133 1698 1068 1514 1620 1598 1882 1894 1688 1712 1846 1755 1336 1636 1111 1064 1924 1367 1844 1485 1617 1690 1283 1440 1847 1137 1925 1815 1819 1428 1623 1175 1254 1539 1424 1561 1108 1540 1834 1362 1131 1374 1392 1316 1639 1141 1235 1809 1860 1586 1371 1325 1397 1871 1846 1912 1732 1031 1473 1335 1091 1375 1793 1817 1531 1937 1550 1381 1128 BCNSPRNW ULIB Ver.6.0+V

เปลี่ยนเป็นภาษาไทย

Change to English
 แสดงรายละเอียดบรรณานุกรม
  กลับหน้าหลัก

Brief Record : Get Marc (ISO 2709) : E-mail record : QR code < ปิดหน้าต่าง
LEADER : 00000nam 2200000uu 4500
001    13399124374
003     ULIB
008    150529s2555||||th 000 0 tha d
099    ^aวจ.WY159^bว384ก
100 0  ^aวัชรา สุขแท้
245 00 ^aการพัฒนาบทเรียน e-learning เรื่อง การพยาบาลทารกแรกเกิดปกติและคลอดก่อนกำหนดสำหรับนักศึกษาพยาบาลศาสตรบัณฑิต วิทยาลัยบรมราชชนนี สวรรค์ประชารักษ์ นครสวรรค์/^cวัชรา สุขแท้
246 0  ^a Creating of e-learning on Nursing care of Newborn and Premature baby patients, Bachelor of nursing Science programme, Boromarajonani,College of nursing, Sawanpracharak Nakhonsawan
260    ^aนครสวรรค์:^bวิทยาลัยบรมราชชนนี สวรรค์ประชารักษ์ นครสวรรค์,^c2555
300    ^a79 หน้า
650  0 ^aบทเรียน e-learningู^xวิจัย
650  0 ^aการพยาบาลทารกแรกเกิด^xวิจัย
650  0 ทารกแรกเกิดปกติ^xวิจัย
650  0 ทารกแรกเกิดคลอดก่อนกำหนด^xวิจัย
945    ^p0^l0^i039454
999    ^aเกษร โพธิ์สุวรรณ
รายการนี้ยังไม่มีแท็ก
คุณยังไม่ได้ล็อกอิน คุณสามารถมีกิจกรรมร่วมกับเว็บไซต์ได้ แต่ต้องล็อกอินก่อน ::
  ล็อกอิน

รายการสื่อสารสนเทศ

ลำดับที่ ประเภท เลขเรียก/บาร์โค้ด สถานที่ สถานะ
1. งานวิจัย
งานวิจัย
วจ.WY159 ว384ก ฉ.1 
  Barcode: 039454
ห้องสมุดวิทยาเขตสวรรค์ประชารักษ์
►วิจัย
บนชั้น

รายการใกล้เคียง
    ผู้แต่ง [วัชรา สุขแท้]

BibComment


ยังไม่เคยถูกคอมเมนท์

คอมเมนท์ทรัพยากรรายการนี้
  คอมเมนท์: การพัฒนาบทเรียน ..


 Copyright 2026. Bcnsprnw @Library